000 00895cam a2200277 a 4500
001 000014040
003 DO-SdBNP
005 20250314135209.0
008 760725s1975 sp 001 0 spa
020 _a8432505285
040 _aDO-SdBNP
_bspa
_cLC
_dBNPHU
049 _aBNGR
082 _a320.946
_bR696c, 1975
100 1 _aRodríguez, Carlos E.
_925521
245 1 0 _aContinuidad o cambio :
_bvigencia y perspectivas del estado del 18 de Julio /
_cCarlos E. Rodríguez.
250 _a2a ed.
260 _aMadrid, España :
_bDoncel,
_c1975.
300 _a233 p. ;
_c18 cm.
490 1 _aEl Libro de bolsillo doncel
_v66
650 0 _aCiencia política
_95772
650 0 _a Política social
_985378
651 4 _aEspaña
_xPolítica Y Gobierno
_y1939-1975.
_918892
830 0 _aEl Libro de bolsillo Doncel ;
_v66
_98628
910 _aCatalogación por copia / LC
942 _2ddc
_cLBS1
999 _c13642
_d13642